Capacidad económica de España para superar las dificultades del momento actual : conferencia pronunciada en el salón de actos de la entidad el día 16 de junio de 1941 / por Felipe Ferrer Calbetó conferencia pronunciada en el salón de actos de la entidad el día 16 de junio de 1941 / por Felipe Ferrer Calbetó
Publicado:
Barcelona :
Fomento del Trabajo Nacional. Servicio Sindical de Alta Cultura Económica ,
1941
Descripción Física:
16 p. ; 22 cm
MARC
| LEADER | 00000nam a2200000Ia 4500 | ||
|---|---|---|---|
| 001 | 17462 | ||
| 008 | 160829s1941 xx 000 0 cat d | ||
| 080 | |a FU-47-44 | ||
| 100 | |a Ferrer Calbetó, Felipe |9 39346 | ||
| 245 | |a Capacidad económica de España para superar las dificultades del momento actual : |b conferencia pronunciada en el salón de actos de la entidad el día 16 de junio de 1941 / por Felipe Ferrer Calbetó | ||
| 260 | |a Barcelona: |b Fomento del Trabajo Nacional. Servicio Sindical de Alta Cultura Económica, |c 1941 | ||
| 300 | |a 16 p. ; |c 22 cm | ||
| 590 | |a Prové de S-443 | ||
| 650 | |a Economia |x Espanya |x S. XX Economia |x Congressos |x S. XX |9 46727 | ||
| 710 | 2 | |a Foment del Treball Nacional |9 54624 | |
| 856 | 4 | |u https://media.diba.cat/diba/fitxers/arxiu/fulletons/bib_17462_baixa.pdf |y Accés lliure | |
| 856 | 4 | |u https://media.diba.cat/diba/fitxers/arxiu/fulletons/bib_17462_baixa.pdf |y Accés lliure | |
| 901 | |a Arxiu | ||
| 942 | |n 1 |2 udc | ||
| 952 | |0 0 |1 0 |4 0 |6 FU4744 |7 1 |9 53411 |a Arxiu |b Arxiu |d 2016-12-01 |l 0 |o FU-47-44 |p 17462 |r 2016-12-01 00:00:00 |w 2016-12-01 |y ARXIU | ||
| 999 | |c 57277 |d 57277 | ||
| 900 | |a bib_17462_baixa.pdf | ||